000 00737nam a2200241Ia 4500
003 OSt
005 20220923215658.0
006 a|||||r|||| 00| 0
007 ta
008 220922b |||||||| |||| 00| 0 hin d
024 _a180,817
037 _cTextual
040 _aARTS
_cARTS
_bhin
041 _2hin
_ahin
082 _aO152,1N071,44, L3
100 _aबच्चन, हरिवंश राय
245 0 _aजाल समेटा
246 _aJāl sameṭā
260 _aदिल्ली
_b राजपाल एण्ड सन्ज
_c1973
300 _a70पृ.
_ccm.
942 _hO152,1N071,44, L3
_cTEXL
_2CC
999 _c334195
_d334195